الفكر السياسي لمحاضير محمد = (Record no. 27687)

MARC details
000 -الفاتح
حقل البيانات ثابتة الطول 01473nam a22003495i 4500
003 - محدد رقم الضبط
رقم الضبط EG-ScBUE
005 - وقت وتاريخ اخر تعامل مع التسجيلة
رقم الضبط 20260513085025.0
008 - عناصر البيانات ثابتة الطول - معلومات عامة
حقل البيانات ثابتة الطول 191016s2006 ua frb 000 0bara d
017 ## - رقم الإيداع القانونى
رقم الإيداع القانونى 2006 / 20849
020 ## - الرقم الدولى المعيارى للكتب
الرقم الدولى المعيارى للكتاب 9774031075
040 ## - مصدر الفهرسة
وكالة الفهرسة الأصلية EG-ScBUE
لغة الفهرسة ara
قواعد الوصف rda
وكالة النسخ EG-ScBUE
وكالة التعديل EG-ScBUE
043 ## - رمز المنطقة الجغرافية
رمز المنطقة الجغرافية a-my---
082 04 - رقم تصنيف ديوى العشرى
رقم التصنيف 959.5054092
رقم المادة ف ك ر
رقم الطبعة 22
245 02 - بيان العنوان
العنوان الفكر السياسي لمحاضير محمد =
بقية العنوان The political thought of Tun Mahathir bin Mohamed /
بيان المسئوليه,etc تحرير أ. د. محمد السيد سليم.
246 31 - العنوان الموازى
عنوان صحيح/عنوان مختصر The political thought of Tun Mahathir bin Mohamed
264 #1 - النشر، التوزيع
مكان الناشر او الموزع الجيزة :
اسم الناشر او الموزع جامعة القاهرة، برنامج الدراسات الماليزية،
تاريخ النشر أو التوزيع 2006.
300 ## - الوصف المادى
التعداد ح، 231 صفحة ؛
أبعاد الوعاء 24 سم
336 ## - نوع المحتوى
Carrier Type Term نص
Content Type Code txt
source rdacontent
337 ## - نوع الوسيط
Media Type Term بدون وسيط
Media Type Code n
source rdamedia
338 ## - نوع الحامل أو الناقل
Carrier Type Term مجلد
Carrier Type Code nc
source rdacarrier
500 ## - تبصرة عامة
تبصرة عامة يشتمل على ملاحق.
504 ## - تبصرة ببليوجرافية
تبصرة ببليوجرافية,الخ يشتمل على إرجاعات ببليوجرافية.
541 ## - تبصرة المصدر المباشر للتزويد
مصدر التزويد Dr. Gamal Selim ;
طريقة التزويد Donation ;
600 17 - المدخل الاضافى بالموضوع-اسم شخصى
الإسم الشخصى محمد، مهاتير،
التواريخ المصاحبة للاسم 1925-
مصدر الرأس أو المصطلح BUEsh
651 #7 - المدخل الاضافى بالموضوع - اسم جغرافى
الاسم الجغرافي ماليزيا
التقسيم الفرعي العام سياسة وحكومة
التقسيم الفرعي الزمني قرن 20.
مصدر الرأس أو المصطلح BUEsh
651 #7 - المدخل الاضافى بالموضوع - اسم جغرافى
الاسم الجغرافي ماليزيا
التقسيم الفرعي العام أحوال سياسية
التقسيم الفرعي الزمني قرن 20.
مصدر الرأس أو المصطلح BUEsh
651 #7 - المدخل الاضافى بالموضوع - اسم جغرافى
الاسم الجغرافي ماليزيا
التقسيم الفرعي العام أحوال اقتصادية
التقسيم الفرعي الزمني قرن 20.
مصدر الرأس أو المصطلح BUEsh
653 ## - مصطلح تكشيفى غير مقيد
Resource For college BAEPS, Political Science
-- MASTER - Political Science
Arrived date list October2019
655 ## - مصطلح تكشيفى-نوع/شكل
التقسيم الفرعي الشكلي Reading book
700 1# - المدخل الاضافى - اسم شخصى
الإسم الشخصى سليم، محمد السيد،
الدور محرر.
942 ## - عناصر المدخل الإضافي( كوها)
مصدر التصنيف او مخطط الترفيف Dewey Decimal Classification
Holdings
حالة التراجع حالة الفقد مصدر التصنيف او خطة الترفيف حالة تلف ليس للاعارة مجموعات كوها المكان الدائم المكان الحالي موقع الترفيف تاريخ الاكتساب Source of acquisition رقم الاستدعاء الباركود Date last seen تبصرة غير عامة( المفوع للعناصر المفقوده) نوع الوعاء
    Dewey Decimal Classification     Donation-Gift Central Library Central Library Second Floor 16/10/2019 Donation 959.5054092 ف ك ر 000048141 15/07/2025 Donation from Dr. Gamal Selim Book - Borrowing
    Dewey Decimal Classification     Donation-Gift Central Library Central Library Second Floor 17/10/2019 Donation 959.5054092 ف ك ر 000048145 15/07/2025 Donation from Dr. Gamal Selim Book - Borrowing